00662nam a2200145Ia 4500008004100000020001800041050002700059245018800086260006100274300002300335520002600358650005100384650004400435650003700479150610s9999 xx 000 0 und d a9781935096276 aPN6071b .C67 C45 2008 aChicken soup for the soul:bteens talk getting into college: 101 true stories from kids who have lived through it /c[compiled] by Jack Canfield, Mark Victor Hansen [and] Amy Newmark. aNew York :bChicken Soup for the Soul Publishing,c2008. a421pages ;c22 cm. aLiterary collections. aCollege applications-United StatesxAnecdotes. aTeenagers - Conduct of lifebAnecdotes. aTeenagersxLiterary collections.